¿Qué es el control total de calidad? : la modalidad japonesa / (Registro nro. 6162)
[ vista simple ]
| 000 -LEADER | |
|---|---|
| fixed length control field | 01557nam a2200289Ia 4500 |
| 008 - FIXED-LENGTH DATA ELEMENTS--GENERAL INFORMATION | |
| fixed length control field | 191128s9999 xx 000 0 und d |
| 020 ## - INTERNATIONAL STANDARD BOOK NUMBER | |
| International Standard Book Number | 9580408637 |
| 082 ## - DEWEY DECIMAL CLASSIFICATION NUMBER | |
| Classification number | 658 .409 |
| 082 ## - DEWEY DECIMAL CLASSIFICATION NUMBER | |
| Item number | I733q |
| 100 ## - MAIN ENTRY--PERSONAL NAME | |
| Personal name | Ishikawa , Kaoru, autor |
| 245 #0 - TITLE STATEMENT | |
| Title | ¿Qué es el control total de calidad? : la modalidad japonesa / |
| 245 #0 - TITLE STATEMENT | |
| Statement of responsibility, etc. | Kaoru Ishikawa ; traducción del japonés al inglés por David J. Lu ; traducción Margarita Cárdenas |
| 260 ## - PUBLICATION, DISTRIBUTION, ETC. | |
| Place of publication, distribution, etc. | Barcelona ; Bogotá |
| 260 ## - PUBLICATION, DISTRIBUTION, ETC. | |
| Name of publisher, distributor, etc. | Norma, |
| 260 ## - PUBLICATION, DISTRIBUTION, ETC. | |
| Date of publication, distribution, etc. | 1986 |
| 300 ## - PHYSICAL DESCRIPTION | |
| Extent | xix, 209 páginas |
| 300 ## - PHYSICAL DESCRIPTION | |
| Other physical details | diagramas a blanco y negro |
| 300 ## - PHYSICAL DESCRIPTION | |
| Dimensions | 23 cm |
| 440 ## - SERIES STATEMENT/ADDED ENTRY--TITLE | |
| Title | Empresas y empresarios |
| 500 ## - GENERAL NOTE | |
| General note | Incluye índice. Incluye datos biográficos del autor en solapa. |
| 505 ## - FORMATTED CONTENTS NOTE | |
| Formatted contents note | Mi encuentro con el control de calidad -- Características del control de calidad japonés -- La esencia del control de calidad -- La garantía de calidad -- El control total de calidad -- El CTC es una revolución conceptual en la gerencia -- Qué hacer y qué |
| 520 ## - SUMMARY, ETC. | |
| Summary, etc. | El doctor Kaoru Ishikawa, impulsador del proceso permanente de mejoramiento de la calidad en el Japón, nos presenta en este libro la filosofía y las experiencias japonesas en este campo y su posible adaptación en otros países. |
| 534 ## - ORIGINAL VERSION NOTE | |
| Introductory phrase | What is total quality control? The japanese way |
| 546 ## - LANGUAGE NOTE | |
| Language note | Traducido del inglés |
| 650 ## - SUBJECT ADDED ENTRY--TOPICAL TERM | |
| Topical term or geographic name entry element | Calidad total Control de calidad-- Japón Control de calidad-- Colombia-- |
| 799 ## - LOCAL ADDED ENTRY--UNIFORM TITLE (RLIN) | |
| Uniform title | J. Lu, David, traductor ; Cárdenas, Margarita, traductora ; Salazar Marciales, Hugo, revisor |
| Withdrawn status | Lost status | Materials specified (bound volume or other part) | Damaged status | Not for loan | Collection code | Home library | Current library | Date acquired | Total Checkouts | Full call number | Barcode | Date last seen | Copy number | Price effective from | Koha item type |
|---|---|---|---|---|---|---|---|---|---|---|---|---|---|---|---|
| Donación--15/04/2018-- | Biblioteca Pública José María del Castillo y Rada | Biblioteca Pública José María del Castillo y Rada | 11/28/2019 | 658 .409 I733q | 430012109 | 05/16/2024 | Ej.1 | 11/28/2019 | Books |